<?xml version="1.0" encoding="UTF-8"?>
<record
    xmlns:xsi="http://www.w3.org/2001/XMLSchema-instance"
    xsi:schemaLocation="http://www.loc.gov/MARC21/slim http://www.loc.gov/standards/marcxml/schema/MARC21slim.xsd"
    xmlns="http://www.loc.gov/MARC21/slim">

  <leader>00567nam a22001457a 4500</leader>
  <controlfield tag="008">150515b        xxu||||| |||| 00| 0 eng d</controlfield>
  <datafield tag="082" ind1=" " ind2=" ">
    <subfield code="a">708</subfield>
    <subfield code="b">D 367w</subfield>
  </datafield>
  <datafield tag="100" ind1=" " ind2=" ">
    <subfield code="a">Delvoye,Wim; Bernard Marcad&#xE9;; </subfield>
    <subfield code="9">2703</subfield>
  </datafield>
  <datafield tag="110" ind1=" " ind2=" ">
    <subfield code="a">Openluchtmuseum voor Beeldhouwkunst Middelheim (Antwerp, Belgium)</subfield>
    <subfield code="9">2704</subfield>
  </datafield>
  <datafield tag="245" ind1=" " ind2=" ">
    <subfield code="a">Wim Delvoye</subfield>
    <subfield code="c">Delvoye,Wim; Bernard Marcad&#xE9;; </subfield>
  </datafield>
  <datafield tag="260" ind1=" " ind2=" ">
    <subfield code="a">Antwerpen </subfield>
    <subfield code="b">Openluchtmuseum voor beeldhouwkunst Middelhei</subfield>
    <subfield code="c">1997</subfield>
  </datafield>
  <datafield tag="300" ind1=" " ind2=" ">
    <subfield code="a">64 p.</subfield>
    <subfield code="b"> ill. (color)</subfield>
    <subfield code="c">29 cm</subfield>
  </datafield>
  <datafield tag="650" ind1=" " ind2=" ">
    <subfield code="x">Delvoye,Wim-1965--Exhibiciones</subfield>
    <subfield code="x">Arte moderno</subfield>
    <subfield code="x">S. 20</subfield>
    <subfield code="9">2705</subfield>
  </datafield>
  <datafield tag="700" ind1=" " ind2=" ">
    <subfield code="a">Delvoye,Wim</subfield>
    <subfield code="9">2706</subfield>
  </datafield>
  <datafield tag="999" ind1=" " ind2=" ">
    <subfield code="c">604</subfield>
    <subfield code="d">604</subfield>
  </datafield>
  <datafield tag="952" ind1=" " ind2=" ">
    <subfield code="0">0</subfield>
    <subfield code="1">0</subfield>
    <subfield code="2">ddc</subfield>
    <subfield code="4">0</subfield>
    <subfield code="7">0</subfield>
    <subfield code="a">LV</subfield>
    <subfield code="b">LV</subfield>
    <subfield code="c">Monograf&#xED;as</subfield>
    <subfield code="d">2015-05-15</subfield>
    <subfield code="l">0</subfield>
    <subfield code="o">708 D 367w</subfield>
    <subfield code="p">000735</subfield>
    <subfield code="r">2015-05-15 00:00:00</subfield>
    <subfield code="w">2015-05-15</subfield>
    <subfield code="y">01</subfield>
  </datafield>
</record>
